Deafness-related materials : collection development and information retrieval (Record no. 65529)

MARC details
000 -CABECERA
campo de control de longitud fija 00588nam a2200205 a 4500
005 - FECHA Y HORA DE LA ÚLTIMA TRANSACCIÓN
campo de control 20210219153002.0
008 - ELEMENTOS DE LONGITUD FIJA--INFORMACIÓN GENERAL
campo de control de longitud fija 991125n 000 0 eng u
035 ## - NÚMERO DE CONTROL DEL SISTEMA
Número de control de sistema UPN01000070866
100 1# - ASIENTO PRINCIPAL--NOMBRE PERSONAL
Nombre de persona Jones, Carolyn
222 ## - TÍTULO CLAVE
Título clave LIBRARY TRENDS
245 ## - MENCIÓN DE TÍTULO
Título Deafness-related materials : collection development and information retrieval
300 ## - DESCRIPCIÓN FÍSICA
Extensión 31-41
362 0# - FECHAS DE PUBLICACIÓN Y/O DESIGNACIÓN SECUENCIAL
Fecha de publicación y/o designación secuencial 1992 Vol. 41, no. 1
653 0# - TERMINO DE INDIZACION - NO CONTROLADO
Término no controlado ADQUISICION DE BIBLIOTECAS
653 0# - TERMINO DE INDIZACION - NO CONTROLADO
Término no controlado COLECCIONES DE BIBLIOTECAS
653 0# - TERMINO DE INDIZACION - NO CONTROLADO
Término no controlado RECUPERACION DE INFORMACION
653 0# - TERMINO DE INDIZACION - NO CONTROLADO
Término no controlado SORDERA
904 ## - ELEMENTOS DE DATOS D LOCAL, LDD (RLIN)
a AC
b 008677
905 ## - TIPO DE MATERIAL
Tipo de material Articulo

No items available.